• 首页
  • 本馆介绍
  • 公告通知
  • 最新文献
  • 馆藏检索
  • 电子资源
  • 读者导购
  • 参考咨询
  • 我的图书馆
  • 登录
  • 详细信息显示
  • 放入我的书架
  • 预约/预借图书
  • 作者相关作品
  • 分类相关作品
  • 丛书相关作品
  • 出版社相关作品

书目信息

  • 表格格式
  • 工作单格式
  • 卡片格式
题名:
道路交叉口规划、设计与管理技术
    
 
作者: 赵宪尧 , 李杰 , 王进 著
分册:  
出版信息: 武汉   华中科技大学出版社  2016
页数: 356页
开本: 25cm
丛书名: 中国城市建设技术文库
单 册:
中图分类: U412.35 , U412.3
科图分类:
主题词: 公路交叉--设计 , 公路交叉--交通管理
电子资源:
ISBN: 978-7-5680-1449-6
000 01285oam2 2200325 450
001 2370279416
005 20231129203723.22
010    @a978-7-5680-1449-6@b精装@dCNY98.00
100    @a20181129d2016 em y0chiy50 ea
101 0  @achi
102    @aCN@b420000
105    @aa z 000yy
200 1  @a道路交叉口规划、设计与管理技术@Adao lu jiao cha kou gui hua 、she ji yu guan li ji shu@f赵宪尧,李杰,王进著
210    @a武汉@c华中科技大学出版社@d2016
215    @a356页@c图@d25cm
225 1  @a中国城市建设技术文库
300    @a湖北省学术著作出版专项资金资助项目
312    @a封面英文题名: Road intersection technologies of planning, design and management
330    @a本书首次全面系统地论述了道路平面交叉口与立体交叉口的等级、类型与形式,并分别就它们的规划、设计、管理原则、理论、方法及各项技术问题进行了详尽的阐述。
461  0 @12001 @a中国城市建设技术文库
510 1  @aRoad intersection technologies of planning, design and management@zeng
606 0  @a公路交叉@x设计
606 0  @a公路交叉@x交通管理
690    @aU412.35@v5
690    @aU412.3@v4
701  0 @a赵宪尧@Azhao xian yao@f(1941~)@4著
701  0 @a李杰@Ali jie@c(交通,@f1954~)@4著
701  0 @a王进@Awang jin@c(交通,@f1978~)@4著
801  0 @aCN@b山东中教@c20231126
905    @aBZT@dU412.3@e5
    
    道路交叉口规划、设计与管理技术/赵宪尧,李杰,王进著.-武汉:华中科技大学出版社,2016
    356页:图;25cm.-(中国城市建设技术文库)
    湖北省学术著作出版专项资金资助项目
    
    ISBN 978-7-5680-1449-6(精装):CNY98.00
    本书首次全面系统地论述了道路平面交叉口与立体交叉口的等级、类型与形式,并分别就它们的规划、设计、管理原则、理论、方法及各项技术问题进行了详尽的阐述。
●
相关链接 在五车中查询图书 在当当中查询图书 在豆瓣中查询图书


正题名:道路交叉口规划、设计与管理技术     索取号:U412.3/5         预约/预借

序号 登录号 条形码 馆藏地/架位号 状态 备注
1 2001134389   2001134389   中教(第二批第二书库)/山东中教(第二书库)/43/ [索取号:U412.3/5] 在馆    
2 2001134390   2001134390   中教(第二批第二书库)/山东中教(第二书库)/43/ [索取号:U412.3/5] 在馆    
3 2001134391   2001134391   中教(第二批第二书库)/山东中教(第二书库)/43/ [索取号:U412.3/5] 在馆    
4 2001134392   2001134392   中教(第二批第二书库)/山东中教(第二书库)/43/ [索取号:U412.3/5] 在馆    
5 2001134393   2001134393   中教(第二批第二书库)/山东中教(第二书库)/43/ [索取号:U412.3/5] 在馆    
6 2001134394   2001134394   中教(第二批第二书库)/山东中教(第二书库)/43/ [索取号:U412.3/5] 在馆    
7 2001134395   2001134395   中教(第二批第二书库)/山东中教(第二书库)/43/ [索取号:U412.3/5] 在馆    
8 2001134396   2001134396   中教(第二批第二书库)/山东中教(第二书库)/43/ [索取号:U412.3/5] 在馆    
9 2001134397   2001134397   中教(第二批第二书库)/山东中教(第二书库)/43/ [索取号:U412.3/5] 在馆    
10 2001134398   2001134398   中教(第二批第二书库)/山东中教(第二书库)/43/ [索取号:U412.3/5] 在馆    
11 2001134399   2001134399   中教(第二批第二书库)/山东中教(第二书库)/43/ [索取号:U412.3/5] 在馆    
12 2001134400   2001134400   中教(第二批第二书库)/山东中教(第二书库)/43/ [索取号:U412.3/5] 在馆    
13 2001134401   2001134401   中教(第二批第二书库)/山东中教(第二书库)/43/ [索取号:U412.3/5] 在馆    
14 2001134402   2001134402   中教(第二批第二书库)/山东中教(第二书库)/43/ [索取号:U412.3/5] 在馆    
15 2001134403   2001134403   中教(第二批第二书库)/山东中教(第二书库)/43/ [索取号:U412.3/5] 在馆    
16 2001150215   2001150215   中教(第二批第二书库)/山东中教(第二书库)/2652/ [索取号:U412.3/5] 在馆    
17 2001150216   2001150216   中教(第二批第二书库)/山东中教(第二书库)/2652/ [索取号:U412.3/5] 在馆    
18 2001150217   2001150217   中教(第二批第二书库)/山东中教(第二书库)/2652/ [索取号:U412.3/5] 在馆    
19 2001150218   2001150218   中教(第二批第二书库)/山东中教(第二书库)/2652/ [索取号:U412.3/5] 在馆    
20 2001150219   2001150219   中教(第二批第二书库)/山东中教(第二书库)/2652/ [索取号:U412.3/5] 在馆    
21 2001150220   2001150220   中教(第二批第二书库)/山东中教(第二书库)/2652/ [索取号:U412.3/5] 在馆    
22 2001150221   2001150221   中教(第二批第二书库)/山东中教(第二书库)/2652/ [索取号:U412.3/5] 在馆    
23 2001150222   2001150222   中教(第二批第二书库)/山东中教(第二书库)/2652/ [索取号:U412.3/5] 在馆    
24 2001150223   2001150223   中教(第二批第二书库)/山东中教(第二书库)/2652/ [索取号:U412.3/5] 在馆    
25 2001150224   2001150224   中教(第二批第二书库)/山东中教(第二书库)/2652/ [索取号:U412.3/5] 在馆    
26 2001150225   2001150225   中教(第二批第二书库)/山东中教(第二书库)/2652/ [索取号:U412.3/5] 在馆    
27 2001150226   2001150226   中教(第二批第二书库)/山东中教(第二书库)/2652/ [索取号:U412.3/5] 在馆    
28 2001150227   2001150227   中教(第二批第二书库)/山东中教(第二书库)/2652/ [索取号:U412.3/5] 在馆    
29 2001150228   2001150228   中教(第二批第二书库)/山东中教(第二书库)/2652/ [索取号:U412.3/5] 在馆    
30 2001150229   2001150229   中教(第二批第二书库)/山东中教(第二书库)/2652/ [索取号:U412.3/5] 在馆    
山东省滨州职业学院图书馆 欢迎您!
大连网信软件有限公司© 版权所有